000 01243cam a2200313 a 4500
001 12903656
003 NUST-PNEC
005 20170116180702.0
008 020822s2002 ksua b 001 0 eng
010 _a 2002281934
020 _a1578201039
040 _aDLC
_cPNEC
_dDLC
050 0 0 _aTJ217.7
_b.L34 2002
082 0 0 _a629.89 LAB
100 1 _aLabrosse, Jean J.
245 1 0 _aMicroC/OS-II :
_bthe real-time kernel /
_cJean J. Labrosse.
250 _a2nd ed.
260 _aLawrence, Kan. :
_bCMP Books,
_cc2002.
300 _axxvi, 605 p. :
_bill. ;
_c26 cm. +
500 _ahttp://www.amazon.com/MicroC-OS-II-Kernel-CD-ROM/dp/1578201039/ref=sr_1_1?s=books&ie=UTF8&qid=1410432280&sr=1-1&keywords=1578201039
504 _aIncludes bibliographical references and index.
630 0 0 _aMuC/OS.
650 0 _aReal-time control.
_xMIS, COMP
856 4 2 _3Publisher description
_uhttp://www.loc.gov/catdir/enhancements/fy0701/2002281934-d.html
856 4 2 _3Contributor biographical information
_uhttp://www.loc.gov/catdir/enhancements/fy1211/2002281934-b.html
906 _a7
_bcbc
_corigcop
_d2
_encip
_f20
_gy-gencatlg
942 _2ddc
_cBK
999 _c60586
_d60586